000 00425nam a22001817a 4500
003 koha_MIRAKIL
005 20231213095451.0
008 231213b |||||||| |||| 00| 0 ||| d
020 _b978-9-75510450-8
040 _aTR-IsEVY
_btur
_cTR-IsEVY
082 _a848 CAM/S
100 _aCAMUS, ALBERT.
245 0 _aSÜRGÜN VE KRALLIK.
260 _bCan,
_c2013
300 _a147.
650 _aEdebiyat.
942 _2ddc
_cBK
999 _c4109
_d4109